Normal view MARC view
  • Muñoz Lira, Ninoska

Entry Nombre Personal

Number of records used in: 1

001 - NUMERO DE CONTROL

  • campo de control: 59653

003 - IDENTIFICADOR DE NUMERO DE CONTROL

  • campo de control: UPN

005 - FECHA Y HORA DE LA ÜLTIMA TRANSACCIÓN

  • campo de control: 20260522131557.0

008 - DATOS DE LONGITUD FIJA

  • campo de control de longitud fija: 260522nabaccnnaabn|||||||||| b |nc|||||d

024 7# - OTROS IDENTIFICADORES NORMALIZADOS

  • Fuente: orcid
  • Número normalizado o código: https://orcid.org/0000-0003-4530-3761

035 ## - NUMERO DE CONTROL

  • Número de control: UPN11000003909

040 ## - FUENTE DE CATALOGACIÓN

  • Lenguaje de catalogación: spa
  • Agencia original de catalogación: MX-MxUPN

100 1# - ENCABEZAMIENTO - NOMBRE PERSONAL

  • Nombre personal: Muñoz Lira, Ninoska

370 ## - LUGAR ASOCIADO

  • Associated country: Chile

372 ## - CAMPO DE ACTIVIDAD

  • Field of activity: Educación física

373 ## - GRUPO ASOCIADO

  • Associated group: Universidad Austral de Chile

374 ## - OCUPACIÓN

  • Occupation: Docencia e investigación universitaria

377 ## - LENGUA ASOCIADA

  • Language code: spa

670 ## - FUENTE EN LA QUE SE LOCALIZARON DATOS

  • Cita de la fuente: En recurso en línea: REDIE : revista electrónica de investigación educativa, Vol. 26 (2024)
  • Información localizada: (Ninoska Muñoz Lira)
  • Uniform Resource Identifier: https://redie.uabc.mx/redie/article/view/5242

902 ## - CATALOGADOR

  • Catalogador: Leonor Sotres/220526